计时游戏 (Record no. 322505)

000 -LEADER
fixed length control field 00396nam a22001577a 4500
020 ## - ISBN
ISBN 9789861853741
082 ## - 索书号 Call Number
分类号Classification number 874.57
作者号 Author number 8450.5
100 ## - 作者
作者 苏珊.雅诺特.史密特 Susan Arnout Smith 著
245 ## - 书名 TITLE
书名Title 计时游戏
250 ## - 版本 EDITION STATEMENT
版本叙述 Edition statement 初版;平装
260 ## - 出版项PUBLICATION, DISTRIBUTION, ETC. (IMPRINT)
出版地 Place of publication 台北市
出版社 Name of publisher 高宝国际出版
出版日期 Date of publication 2009
300 ## - 稽核项 PHYSICAL DESCRIPTION
页数 Number of Pages 396页
尺寸 Dimensions 21公分
500 ## - 一般附注 GENERAL NOTE
附注 General note
700 ## - ADDED ENTRY--PERSONAL NAME
第二作者 / 译者 / 绘者 栖子 译
942 ## - ADDED ENTRY ELEMENTS (KOHA)
Koha item type Books
Holdings
Source of classification or shelving scheme Not for loan Permanent Location Current Location Shelving location Date acquired Source of acquisition Cost, normal purchase price Full call number Barcode Cost, replacement price Koha item type
    LIBRARY CHUNG HWA HIGH SCHOOL MUAR LIBRARY CHUNG HWA HIGH SCHOOL MUAR 一楼中文小说区 1st Floor Chinese Fiction Area 2026-01-02 47.20 874.57 8450.5 049943 94.40 Books

Powered by Koha